Southville International School and Colleges
Your cart is empty.
  • Cart
  • Lists
    Public lists Eva Luna New books Lux_list list_1
    Your lists Log in to create your own lists
  • Log in to your account
  • Your cookies
  • Search history
Southville International School and Colleges
  • Advanced search
  • Recent comments
  • Most popular
  • Libraries

Log in to your account

Log in with GOOGLE


If you do not have an external account, but do have a local account, you can still log in:

  1. Home
  2. MARC view: Understanding social entrepreneurship :
Normal view MARC view ISBD view

Understanding social entrepreneurship : (Record no. 25420)

[ view plain ]
MARC details
000 -LEADER
fixed length control field 00649nam a2200193 a 4500
003 - CONTROL NUMBER IDENTIFIER
control field SISC
005 - DATE AND TIME OF LATEST TRANSACTION
control field 20170125113912.0
008 - FIXED-LENGTH DATA ELEMENTS--GENERAL INFORMATION
fixed length control field 121112s19uu xx 00 eng d
020 ## - INTERNATIONAL STANDARD BOOK NUMBER
International Standard Book Number 9780415884891
050 ## - LIBRARY OF CONGRESS CALL NUMBER
Classification number HD 60
Item number .K484 2012
100 ## - MAIN ENTRY--PERSONAL NAME
Personal name Kickul, Jill R.
245 ## - TITLE STATEMENT
Title Understanding social entrepreneurship :
Remainder of title the relentless pursuit of mission in an ever changing world /
Statement of responsibility, etc Jill Kickul, Thomas S. Lyons.
260 ## - PUBLICATION, DISTRIBUTION, ETC. (IMPRINT)
Place of publication, distribution, etc New York, United States :
Name of publisher, distributor, etc Routledge,
Date of publication, distribution, etc 2012.
300 ## - PHYSICAL DESCRIPTION
Extent xxviii, 268 pages :
Other physical details illustrations ;
Dimensions 26 cm.
650 ## - SUBJECT ADDED ENTRY--TOPICAL TERM
Topical term or geographic name as entry element Social entrepreneurship.
700 ## - ADDED ENTRY--PERSONAL NAME
Personal name Lyons, Thomas S.
942 ## - ADDED ENTRY ELEMENTS (KOHA)
Koha item type Books
Source of classification or shelving scheme Library of Congress Classification
Call number prefix Foreign
Holdings
Withdrawn status Lost status Source of classification or shelving scheme Damaged status Home library Current library Shelving location Date acquired Total Checkouts Full call number Barcode Date last seen Copy number Price effective from Koha item type
    Library of Congress Classification   College Library College Library Reserve Section 11/12/2012   HD 60 .K484 2012 C15486 05/15/2018 1 03/10/2014 Books

Understanding social entrepreneurship :

APA

Kickul J. R., Lyons T. S., . (2012). Understanding social entrepreneurship. New York, United States: Routledge.

Chicago

Kickul Jill R, Lyons Thomas S, . 2012. Understanding social entrepreneurship. New York, United States: Routledge.

Harvard

Kickul J. R., Lyons T. S., . (2012). Understanding social entrepreneurship. New York, United States: Routledge.

MLA

Kickul Jill R, Lyons Thomas S, . Understanding social entrepreneurship. New York, United States: Routledge. 2012.

  • Place hold
  • Print
  • Cite
  • Add to your cart (remove)
  • Save record
    BIBTEX Dublin Core MARCXML MARC (non-Unicode/MARC-8) MARC (Unicode/UTF-8) MARC (Unicode/UTF-8, Standard) MODS (XML) RIS
  • More searches
    Search for this title in:
    Other Libraries (WorldCat) Other Databases (Google Scholar) Online Stores (Bookfinder.com) Open Library (openlibrary.org)

Exporting to Dublin Core...

SOUTHVILLE LIBRARY

Southville International School and Colleges Library

1281 Tropical Ave. Cor. Luxembourg St., BF Homes International, Las Pinas City

Tel. No. 8256374 / 252358 Loc. 117/146

Powered by Koha